Innovative Site Remediation Technology, Design & Application, Volume 5, Thermal Desorption, May 1998.

Bibliographic Details
Corporate Author: United States. Environmental Protection Agency
Format: Government Document Book
Language:English
Published: [Place of publication not identified] : [publisher not identified], [1998?]

MARC

Tag First Indicator Second Indicator Subfields
LEADER 00000cam a22000007a 4500
001 in00000001122
005 20151007050329.0
008 980831s1998 xxu f000 0 eng d
035 |a (OCoLC) 
035 |a tmp97130187 
035 |9 AHS9274AM 
040 |a MvI  |c MvI  |d UtOrBLW 
049 |a UDOC 
074 |a 0431-I-01 
086 0 |a EP 1.2:IN 6/11/D 46/V.5 
245 0 0 |a Innovative Site Remediation Technology, Design & Application, Volume 5, Thermal Desorption, May 1998. 
264 1 |a [Place of publication not identified] :  |b [publisher not identified],  |c [1998?] 
336 |a text  |b txt  |2 rdacontent 
337 |a unmediated  |b n  |2 rdamedia 
338 |a volume  |b nc  |2 rdacarrier 
500 |a Shipping List #: 98-0347-P 
500 |a Shipping List Date: 08/27/98 
710 1 |a United States.  |b Environmental Protection Agency. 
999 |a MARS 
999 f f |s 19545a30-89d8-3fe1-9d29-5ac9643180d5  |i 82e06501-9b3c-3dd2-bed7-dda1abb945f2  |t 0 
952 f f |p normal  |a Texas A&M University  |b College Station  |c Sterling C. Evans Library  |d Evans: US Documents (Annex 5th floor)  |t 0  |e EP 1.2:IN 6/11/D 46/V.5  |h Superintendent of Documents classification  |i unmediated -- volume  |k v.5  |m A14838211616 
998 f f |a EP 1.2:IN 6/11/D 46/V.5  |t 0  |l Evans: US Documents (Annex 5th floor)